LEADER 01053nam a2200265 i 4500 001 991000412169707536 005 20020503180306.0 008 971202s1988 it ita 035 $ab10073851-39ule_inst 035 $aLE02515529$9ExL 040 $aFac. Economia$bita 082 0 $a338.0945 100 1 $aSiniscalco, Domenico$0460411 245 10$aBeyond manufacturing :$bstructural change, service sector employment and foreign trade in the italian economy, 1960-1985 /$cDomenico Siniscalco 260 $aTorino :$bGiappichelli,$c1988 300 $a189 p. ;$c25 cm 650 4$aSettore terziario$zItalia$y1960-1985 651 4$aItalia$xCommercio estero$y1960-1985 651 4$aItalia$xIndustria$y1960-1985 907 $a.b10073851$b26-09-18$c27-06-02 912 $a991000412169707536 945 $aLE025 ECO 338 SIN01.01$g1$i2025000035867$lle025$nCatalogato 2018$o-$pE0.00$q-$rl$s- $t0$u0$v0$w0$x0$y.i1008339x$z27-06-02 996 $aBeyond manufacturing$9195176 997 $aUNISALENTO 998 $ale025$b01-01-97$cm$da $e-$fita$git $h0$i1 LEADER 01282oas 2200469 c 450 001 9910747095703321 005 20260228213014.0 011 $a2807-1182 024 7 $a10.55397/cps 035 $a(OCoLC)1406069778 035 $a(CONSER) 2024237091 035 $a(CKB)5490000000155486 035 $a(EXLCZ)995490000000155486 100 $a20231026a20219999 oy a 101 0 $aind 135 $aur||||||||||| 181 $ctxt$2rdacontent 182 $cc$2rdamedia 183 $acr$2rdacarrier 200 00$aCommunicator sphere 210 1$aSurabaya, Jawa Timur, Indonesia$cUniversitas Bhayangkara Surabaya (Program Studi Ilmu Komunikasi)$d2021- 215 $a1 online resource 606 $aCommunication$vPeriodicals 606 $aInformation$vPe?riodiques 606 $aComunicación$vPublicaciones periódicas$2embne 606 $aCommunication$2fast 608 $aPeriodicals$2fast 615 0$aCommunication 615 6$aInformation 615 7$aComunicación 615 7$aCommunication 676 $a300 801 0$bOCLKB 801 1$bOCLKB 801 2$bCUV 801 2$bOCLCL 801 2$bOCLCQ 801 2$bOCLCG 906 $aJOURNAL 912 $a9910747095703321 996 $aCommunicator sphere$94410130 997 $aUNINA